2025 FIRST in Michigan FRC Teams - Statistics

General Stats
  • This quiz has been taken 28 times
  • The average score is 112 of 525
Answer Stats
Number Name Location % Correct
33 Killer Bees Bloomfield Hills, Michigan 48326, USA
100%
27 Team RUSH Clarkston, Michigan 48346, USA
100%
1 The Juggernauts Pontiac, Michigan 48340, USA
96%
67 The HOT Team Highland, Michigan 48357, USA
92%
51 Wings of Fire Pontiac, Michigan 48342, USA
92%
70 More Martians Goodrich, Michigan 48438, USA
84%
494 Martians Goodrich, Michigan 48438, USA
80%
818 The Steel Armadillos Warren, Michigan 48093, USA
80%
2767 Stryke Force Kalamazoo, Michigan 49009, USA
76%
217 ThunderChickens Sterling Heights, Michigan 48314, USA
76%
68 Truck Town Thunder Ortonville, Michigan 48462, USA
76%
1189 Gearheads Grosse Pointe, Michigan 48236, USA
72%
469 Las Guerrillas Pontiac, Michigan 48304, USA
72%
5460 Strike Zone Lapeer, Michigan 48446, USA
72%
1718 The Fighting Pi Armada, Michigan 48005, USA
72%
910 The Foley Freeze Madison Heights, Michigan 48071, USA
72%
503 25 Years of Frog Force Novi, Michigan 48375, USA
68%
245 Adambots Rochester Hills, Michigan 48306, USA
68%
1023 Bedford Express Temperance, Michigan 48182, USA
68%
3357 COMETS Grand Rapids, Michigan 49546, USA
68%
3414 Hackbots Farmington, Michigan 48336, USA
68%
226 Hammerheads Troy, Michigan 48098, USA
68%
3175 Knight Vision Grosse Pointe Woods, Michigan 48236, USA
68%
862 Lightning Robotics Canton, Michigan 48187, USA
68%
302 The Dragons Lake Orion, Michigan 48360, USA
68%
201 The FEDS Rochester, Michigan 48307, USA
68%
2137 The Oxford RoboCats Oxford, Michigan 48371, USA
68%
3539 Byting Bulldogs Romeo, Michigan 48065, USA
64%
2337 EngiNERDs Grand Blanc, Michigan 48439, USA
64%
4362 Gems Brighton, Michigan 48116, USA
64%
3604 Goon Squad Brownstown, Michigan 48134, USA
64%
5144 LISD TECHnicians Adrian, Michigan 49221, USA
64%
548 Robostangs Northville, Michigan 48168, USA
64%
3655 Tractor Technicians Mason, Michigan 48854, USA
64%
3620 Average Joes Saint Joseph, Michigan 49085, USA
60%
7810 Eagle Robotics Muskegon, Michigan 49442, USA
60%
66 Grizzly Robotics Ypsilanti, Michigan 48197, USA
60%
9242 Hamady Hawks Flint, Michigan, USA
60%
1506 Metal Muscle Flint, Michigan 48504, USA
60%
3538 RoboJackets Auburn Hills, Michigan 48326, USA
60%
7210 RoboJackets 7210 Greenville, Michigan 48838, USA
60%
247 Team 247 Da Bears Berkley, Michigan 48072, USA
60%
2832 The Livonia Warriors Livonia, Michigan 48154, USA
60%
2834 Bionic Black Hawks Bloomfield Hills, Michigan 48302, USA
56%
2075 Enigma Robotics Grand Rapids, Michigan 49504, USA
56%
1250 Gator-Bots Dearborn, Michigan 48124, USA
56%
3534 House of Cards Davison, Michigan 48423, USA
56%
9679 Madison Eagles Madison Heights, Michigan, USA
56%
1701 RoboCubs Detroit, Michigan 48221, USA
56%
453 Rockem Sockem Robotics Clinton Township, Michigan 48036, USA
56%
2054 Tech Vikes Hopkins, Michigan 49328, USA
56%
1684 The Chimeras Lapeer, Michigan 48446, USA
56%
3641 The Flying Toasters South Lyon, Michigan 48178, USA
56%
1188 The Ravens Royal Oak, Michigan 48073, USA
56%
9206 GRP Titans Grand Rapids, Michigan, USA
52%
573 Mech Warriors Bloomfield Hills, Michigan 48301, USA
52%
9722 Polar Robotics Grand Marais, Michigan, USA
52%
4130 The Blue Devils Richmond, Michigan 48062, USA
52%
1481 The Riveters Farmington, Michigan 48336, USA
52%
280 TnT Taylor, Michigan 48180, USA
52%
85 B.O.B. (Built on Brains) Zeeland, Michigan 49464, USA
48%
5907 CC Shambots Novi, Michigan 48374, USA
48%
3536 Electro Eagles Hartland, Michigan 48353, USA
48%
9245 Laker Dreadnoughts Pigeon, Michigan, USA
48%
1918 NC GEARS Fremont, Michigan 49412, USA
48%
4779 RoboSapiens Marine City, Michigan 48039, USA
48%
3767 TC Titans Traverse City, Michigan 49685, USA
48%
7769 The CREW Royal Oak, Michigan 48073, USA
48%
1498 The Polar Pilots Richmond, Michigan, USA
48%
8300 Titan Robotics Jackson, Michigan 49203, USA
48%
4422 Twisted Angels Richland, Michigan, USA
48%
4381 Twisted Devils Richland, Michigan 49083, USA
48%
7178 Yeti Walled Lake, Michigan 48390, USA
48%
6615 Bellevillains Belleville, Michigan 48111, USA
44%
3770 BlitzCreek Midland, Michigan 48640, USA
44%
5567 Code Red Robotics Milan, Michigan 48160, USA
44%
2851 Crevolution Sterling Heights, Michigan 48314, USA
44%
3656 Dexter Dreadbots Dexter, Michigan 48130, USA
44%
6081 Digital Dislocators Manchester, Michigan 48158, USA
44%
7211 Hollywood Holly, Michigan 48442, USA
44%
2604 Metal and Soul Capac, Michigan 48014, USA
44%
308 Monsters Walled Lake, Michigan 48390, USA
44%
9312 NERD Spark Albion, Michigan, USA
44%
1076 PiHi Samurai Ann Arbor, Michigan 48103, USA
44%
4967 That ONE Team-OurNextEngineers Belmont, Michigan 49306, USA
44%
894 The Power Chargers Flint, Michigan 48503, USA
44%
5114 Titanium Tigers Fenton, Michigan 48430, USA
44%
5090 TorqueNados Trenton, Michigan 48183, USA
44%
9662 Valley Lutheran High School Chargers Saginaw, Michigan, USA
44%
3572 Wavelength Muskegon, Michigan 49441, USA
44%
5926 Da Moose Port Huron, Michigan 48060, USA
40%
5712 Hemlock's Gray Matter Hemlock, Michigan 48626, USA
40%
4810 I AM Robot Clinton Township, Michigan 48038, USA
40%
1025 Impi Warriors Ferndale, Michigan 48220, USA
40%
74 Team CHAOS Holland, Michigan 49423, USA
40%
288 The RoboDawgs Grandville, Michigan 49418, USA
40%
9558 The Steel Vipers Warren, Michigan, USA
40%
4003 TriSonics Allendale, Michigan 49401, USA
40%
3098 Waterford Robotics Waterford, Michigan 48329, USA
40%
6090 Wayland Wildcats Wayland, Michigan 49348, USA
40%
8728 Argonauts Troy, Michigan, USA
36%
4391 BraveBots Gladstone, Michigan 49837, USA
36%
2586 Copper Bots Calumet, Michigan 49913, USA
36%
5050 Cow Town Robotics Carleton, Michigan 48117, USA
36%
5436 Cyber Cats Rochester Hills, Michigan 48306, USA
36%
3322 Eagle Evolution Ann Arbor, Michigan 48103, USA
36%
9241 EV ROBOTICS Lansing, Michigan, USA
36%
5166 Fabricators Freeland, Michigan 48623, USA
36%
5843 Flurb East China, Michigan 48054, USA
36%
2145 HAZMATS Linden, Michigan 48451, USA
36%
3618 Petoskey Paladins Petoskey, Michigan 49770, USA
36%
107 Team R.O.B.O.T.I.C.S. Holland, Michigan 49423, USA
36%
3707 TechnoDogs Brighton, Michigan 48116, USA
36%
9542 Technodogs Centreville, Michigan, USA
36%
4405 The Atoms Family Canton, Michigan 48187, USA
36%
10606 The Foley Flare Madison Heights, Michigan, USA
36%
2960 Automation Nation Birmingham, Michigan 48009, USA
32%
7762 AutoPilots Warren, Michigan 48088, USA
32%
9572 CC Shambytes Novi, Michigan, USA
32%
1504 Desperate Penguins Okemos, Michigan 48864, USA
32%
7226 Error 404 Lansing, Michigan 48917, USA
32%
5530 Greenhills Lawnmowers Ann Arbor, Michigan 48105, USA
32%
2611 Jacktown Vectors Jackson, Michigan 49201, USA
32%
5577 Kinematic Wolves Detroit, Michigan 48209, USA
32%
5053 Lakers Waterford, Michigan 48329, USA
32%
3667 Mecanum Knights Port Huron, Michigan 48060, USA
32%
216 More RoboDawgs Grandville, Michigan 49418, USA
32%
4327 Q Branch Battle Creek, Michigan 49015, USA
32%
1711 RAPTORS Traverse City, Michigan 49686, USA
32%
3875 Red Storm Robotics Kentwood, Michigan 49508, USA
32%
857 Superior Roboworks Houghton, Michigan 49931, USA
32%
1502 Technical Difficulties Chelsea, Michigan 48118, USA
32%
4998 TESLA Flint, Michigan 48502, USA
32%
7660 The Byting Irish Ann Arbor, Michigan 48105, USA
32%
2619 The Charge Midland, Michigan 48640, USA
32%
314 The Megatron Oracles Flint, Michigan 48532, USA
32%
830 The RatPack Ann Arbor, Michigan 48105, USA
32%
6861 The Tyros Team Livonia, Michigan 48154, USA
32%
141 WOBOT Holland, Michigan 49424, USA
32%
6002 ZooBOTix Kalamazoo, Michigan 49006, USA
32%
4384 Benzene Bots Troy, Michigan 48083, USA
28%
3619 Blackhawks Detroit, Michigan 48207, USA
28%
9255 Botmasterz Grosse Pointe, Michigan, USA
28%
6112 Cyberstangs Munising, Michigan 49862, USA
28%
6120 CyberStangs New Haven, Michigan 48048, USA
28%
858 Demons Robotics Wyoming, Michigan 49509, USA
28%
5216 E-Ville Empire Essexville, Michigan 48732, USA
28%
4398 Gladiators Traverse City, Michigan 49684, USA
28%
6569 Gladiators Ontonagon, Michigan 49953, USA
28%
3452 GreengineerZ Berrien Springs, Michigan 49103, USA
28%
5046 Jacked Up Jackets Memphis, Michigan 48041, USA
28%
9743 MV TITANS Vermontville, Michigan, USA
28%
10349 Pontiac Firebirds Pontiac, Michigan, USA
28%
5561 Raider Robotics Flushing, Michigan 48433, USA
28%
7166 Red Thunder Robotics Laingsburg, Michigan 48848, USA
28%
3602 RoboMos Escanaba, Michigan 49829, USA
28%
4776 S.C.O.T.S. Bots Howell, Michigan 48843, USA
28%
5660 Symmetrical Chaos Burton, Michigan 48519, USA
28%
123 Team - Cosmos Hamtramck, Michigan 48212, USA
28%
5084 Team FridgeBot Corunna, Michigan 48817, USA
28%
4237 Team Lance-A-Bot Stevensville, Michigan 49127, USA
28%
240 TEMPEST Newport, Michigan 48166, USA
28%
4392 The Deceivers Brimley, Michigan 49715, USA
28%
7056 The F.A.S.T. Team - Fowlerville Area Scientific Technicians Fowlerville, Michigan 48836, USA
28%
1596 The Instigators Sault Sainte Marie, Michigan 49783, USA
28%
6344 Yale Jiggawattz Yale, Michigan 48097, USA
28%
815 Advanced Power Allen Park, Michigan 48101, USA
24%
5352 Controlled Chaos Freeland, Michigan, USA
24%
4395 Dundee Vi-Borgs Dundee, Michigan 48131, USA
24%
1322 GRAYT Leviathons (Genesee Robotics Area Youth Team) Fenton, Michigan 48430, USA
24%
4004 M.A.R.S. Rovers Muskegon, Michigan 49442, USA
24%
7197 Mountie Megabots Jackson, Michigan 49201, USA
24%
8423 Next Express Temperance, Michigan 48182, USA
24%
244 RoboDawgs 3D Grandville, Michigan 49418, USA
24%
2048 The Pink Panthers Detroit, Michigan 48202, USA
24%
4453 The Red Hot Chili Bots Marshall, Michigan 49068, USA
24%
94 The TechnoJays Southfield, Michigan 48033, USA
24%
2620 Titans Southgate, Michigan 48195, USA
24%
8424 Tractor Technicians Next Gen Mason, Michigan 48854, USA
24%
3668 TroBots Whitmore Lake, Michigan 48189, USA
24%
4854 Trobots Detroit, Michigan 48219, USA
24%
5505 V2 - Volts Squared Alpena, Michigan 49707, USA
24%
5167 Vi-Bots Marysville, Michigan 48040, USA
24%
8608 Alpha Bots Battle Creek, Michigan, USA
20%
4737 Atomigators West Bloomfield, Michigan 48323, USA
20%
8426 Automated Amphibians Novi, Michigan 48375, USA
20%
4377 Boyne City Blaze Boyne City, Michigan 49712, USA
20%
3546 Buc'n'Gears Grand Haven, Michigan 49417, USA
20%
5086 Cadillac Connectors Cadillac, Michigan 49601, USA
20%
6753 CBA RoboKings Midland, Michigan 48640, USA
20%
2771 Code Red Robotics the Stray Dogs Grandville, Michigan 49418, USA
20%
3603 Cyber Coyotes Reed City, Michigan 49677, USA
20%
7202 Cyber Orioles Morrice, Michigan 48857, USA
20%
904 D Cubed Grand Rapids, Michigan 49503, USA
20%
5205 FullMetal-Jackets Concord, Michigan 49237, USA
20%
5860 Full Metal Muskrats Algonac, Michigan 48001, USA
20%
5150 Hybrid Hornets Flint, Michigan 48506, USA
20%
4994 Kingston Robo-Cards Kingston, Michigan 48741, USA
20%
5509 Like a Boss Midland, Michigan 48642, USA
20%
3568 Linden RoboEagles Linden, Michigan 48451, USA
20%
5234 MarauderBots Elsie, Michigan 48831, USA
20%
1528 MTR (Monroe Trojan Robotics) Monroe, Michigan 48161, USA
20%
5534 Onaway Onabots Onaway, Michigan 49765, USA
20%
7250 OsCODEa 0w|5 Oscoda, Michigan 48750, USA
20%
5260 Owosso Robotics Owosso, Michigan 48867, USA
20%
6548 Perry RAMBOTS Perry, Michigan 48872, USA
20%
9207 Redneck Robotics Millington, Michigan, USA
20%
9566 Red Storm Rookies Kentwood, Michigan, USA
20%
7598 SCA Constellations Wixom, Michigan 48393, USA
20%
5066 Singularity Saline, Michigan 48176, USA
20%
7196 Tech Tigers Detroit, Michigan 48210, USA
20%
1940 Tech Tigers 1940 Benton Harbor, Michigan 49022, USA
20%
7784 Vassar Voltage Vassar, Michigan 48768, USA
20%
5675 WiredCats Mattawan, Michigan 49071, USA
20%
5462 2Paw Robotics Paw Paw, Michigan 49079, USA
16%
5152 Alotobots Otsego, Michigan 49078, USA
16%
10589 Binary Crows Marquette, Michigan, USA
16%
6098 bIrobot Beaver Island, Michigan 49782, USA
16%
4216 Blue Ops Robotics Jackson, Michigan 49202, USA
16%
5641 Byron Robotics Byron, Michigan 48418, USA
16%
7174 Charger Robotics Dearborn Heights, Michigan 48127, USA
16%
3458 Code Blue Holland, Michigan 49423, USA
16%
3537 Delta Force Indian River, Michigan 49749, USA
16%
5980 East Grand Rapids Robotics Grand Rapids, Michigan 49506, USA
16%
6085 Green Devil Bots Brown City, Michigan 48416, USA
16%
6642 Harrison Stingers of Steel Harrison, Michigan 48625, USA
16%
8280 K9.0 Robotics Detroit, Michigan 48221, USA
16%
5065 Knights #5065 Detroit, Michigan 48212, USA
16%
6538 Linc-Bots Ypsilanti, Michigan 48197, USA
16%
7813 New Haven Nuts and Bolts New Haven, Michigan 48048, USA
16%
3688 Norsemen Suttons Bay, Michigan 49682, USA
16%
8115 Platinum Peacocks Chesterfield, Michigan 48051, USA
16%
5247 Red Devil Robotics East Jordan, Michigan 49727, USA
16%
9755 Red Devil Robotics Ironwood, Michigan, USA
16%
2591 RedTails Detroit, Michigan 48215, USA
16%
8895 Redwolves Robotics Clinton, Michigan, USA
16%
3658 Robo - Beavers Battle Creek, Michigan 49014, USA
16%
6152 Robo-Falcons DEARBORN HEIGHTS, Michigan 48127, USA
16%
8179 Robo Falcons Dearborn, Michigan 48124, USA
16%
2224 RoboPhoenix Detroit, Michigan 48235, USA
16%
6078 RoboRams Holt, Michigan 48842, USA
16%
5612 Robo-Raptors Burton, Michigan 48509, USA
16%
7220 Steel Falcons Brighton, Michigan 48116, USA
16%
2405 Techno Trojans Fruitport, Michigan 49415, USA
16%
6528 Terror Bytes Gibraltar, Michigan 48173, USA
16%
2246 The Army of Sum Johannesburg, Michigan 49751, USA
16%
7768 The AutoMatons Iron River, Michigan 49935, USA
16%
9237 The Dragonators Swartz Creek, Michigan, USA
16%
5676 The H.E.R.O.E.S Hillsdale, Michigan 49242, USA
16%
5225 The Shambotz Eastpointe, Michigan 48021, USA
16%
3096 The Village Bulldogs Detroit, Michigan 48224, USA
16%
5603 The WarriorBots Auburn, Michigan 48611, USA
16%
5498 The Wired Devils Grosse Ile, Michigan 48138, USA
16%
3302 TurboTrojans Clawson, Michigan 48017, USA
16%
7221 Viking Robotics Jackson, Michigan 49201, USA
16%
3773 Arrowhead Robotics Tecumseh, Michigan 49286, USA
12%
4390 ATA Coregears Dearborn, Michigan 48126, USA
12%
5256 Atomics Lake Odessa, Michigan 48849, USA
12%
4680 AzTech Eagles Detroit, Michigan 48209, USA
12%
10629 Bath Bee-Botics Bath, Michigan, USA
12%
6637 BetaWolves Carney, Michigan 49812, USA
12%
8374 Bongo Bots Leslie, Michigan 49251, USA
12%
8517 Bounty Hunters Essexville, Michigan, USA
12%
9773 Cardinal Robotics Wakefield, Michigan, USA
12%
6073 Cav-Bots Carrollton, Michigan 48604, USA
12%
5982 Circuits of Destruction Merrill, Michigan 48637, USA
12%
7109 Clare Chaos Theory Clare, Michigan 48617, USA
12%
10690 Cranbrook Bloomfield Hills, Michigan, USA
12%
5527 Cyber Phoenix Flint, Michigan 48503, USA
12%
5901 Electric Eels Detroit, Michigan 48210, USA
12%
6033 Gadget Agents Beal City, Michigan 48858, USA
12%
7501 Golden Gears Brooklyn, Michigan 49230, USA
12%
9176 Greenspire Steel Sturgeons Traverse City, Michigan, USA
12%
5239 Harper Woods Steamworks Harper Woods, Michigan 48225, USA
12%
5229 Heritage Hawkbots Saginaw, Michigan 48603, USA
12%
5314 Ice Bots Pellston, Michigan 49769, USA
12%
9212 Infinity Harper Woods, Michigan, USA
12%
6079 JET SET Powers, Michigan 49874, USA
12%
8041 Lake City Ultrabots Lake City, Michigan 49651, USA
12%
7160 Ludington O-Bots Ludington, Michigan 49431, USA
12%
10652 Lutheran Northwest Crusaders Rochester Hills, Michigan, USA
12%
7656 MC Hammers Michigan Center, Michigan 49254, USA
12%
10505 NASA Technomos Escanaba, Michigan, USA
12%
7553 OSTC - SWEET BOTS Wixom, Michigan 48393, USA
12%
5193 Pantheon Saginaw, Michigan 48602, USA
12%
8427 Protobots Dearborn Heights, Michigan 48127, USA
12%
5282 Railroader Robotics Durand, Michigan 48429, USA
12%
10656 RataToaster Ann Arbor, City of, Michigan, USA
12%
3234 Red Arrows Lowell, Michigan 49331, USA
12%
2959 Robotarians Coloma, Michigan 49038, USA
12%
6121 RoboVikes Grayling, Michigan 49738, USA
12%
8873 Rockefeller Robotics Mount Pleasant, Michigan, USA
12%
6631 Rocket Robotics Reese, Michigan 48757, USA
12%
5424 Rogue Robots Midland, Michigan 48642, USA
12%
7188 SaddleBots Warren, Michigan 48088, USA
12%
6556 Spartan Robotics Waldron, Michigan 49288, USA
12%
5555 Spartans Warren, Michigan 48091, USA
12%
9106 Spires Grand Rapids, Michigan, USA
12%
8193 Steel Stingers New Lothrop, Michigan 48460, USA
12%
5067 Steiner Steel Storm Ann Arbor, Michigan 48108, USA
12%
6088 Stephenson Eagles Stephenson, Michigan 49887, USA
12%
5213 St. Ignace SHIELD Saint Ignace, Michigan 49781, USA
12%
10473 Team Lance-B-Bot Stevensville, Michigan, USA
12%
9182 Tech Tr1be New Boston, Michigan, USA
12%
2673 Tenacious Technicians Detroit, Michigan 48201, USA
12%
7772 The Lucky 7's Montrose, Michigan 48457, USA
12%
10672 Trojans Livonia, Michigan, USA
12%
5538 Vikingbots Saginaw, Michigan 48609, USA
12%
6618 WARHBOTS Flat Rock, Michigan 48134, USA
12%
6570 Whiteford Bobcats Ottawa Lake, Michigan 49267, USA
12%
5708 Zebrotics Ann Arbor, Michigan 48103, USA
12%
8397 Astrobots Grand Rapids, Michigan 49548, USA
8%
9568 AstroBots Leland, Michigan, USA
8%
9148 Atlas Robotics Westland, Michigan, USA
8%
8832 AutoDawgs Petersburg, Michigan, USA
8%
6566 Battering Rams Madison Heights, Michigan 48071, USA
8%
7790 Baywatch Robotics Harbor Springs, Michigan 49740, USA
8%
7692 Beach Bums 7692 Southfield, Michigan 48075, USA
8%
8124 BearBots Wyandotte, Michigan 48192, USA
8%
6533 BeaverTech Beaverton, Michigan 48612, USA
8%
5535 Bionic Bison New Buffalo, Michigan 49117, USA
8%
8285 Bionic Bulldogs Ravenna, Michigan 49451, USA
8%
6005 Cardinaltronics Custer, Michigan 49405, USA
8%
8352 CODE Gold Detroit, Michigan 48207, USA
8%
4768 Cody "The Green Comet" Detroit, Michigan 48228, USA
8%
9249 Copper Country Cats Chassell, Michigan, USA
8%
7491 Cyber Soldiers Burton, Michigan 48457, USA
8%
8767 Dark Horse Robotics North Branch, Michigan, USA
8%
5183 Devil Bots Gaylord, Michigan 49735, USA
8%
3632 D-Techs Detroit, Michigan 48201, USA
8%
6091 Eagle 1 Deckerville, Michigan 48427, USA
8%
9208 Eddies Circuit Edwardsburg, Michigan, USA
8%
5533 Electric Horse Power Clio, Michigan 48420, USA
8%
9747 ElectroPanthers II Center Line, Michigan, USA
8%
8286 Farwell Robotics Farwell, Michigan 48622, USA
8%
7811 Flamin' Hot Tigers Battle Creek, Michigan 49017, USA
8%
5927 Globetrotters Zeeland, Michigan 49464, USA
8%
9226 GRemlins Gabriel Richard CHS Riverview, Michigan, USA
8%
6114 Hamilton CyberHawks Hamilton, Michigan 49419, USA
8%
5695 Heavy Duty Eagles Redford, Michigan 48239, USA
8%
9661 Huskie STEAM Breckenridge, Michigan, USA
8%
9673 Ithaca Volt Vespids Ithaca, Michigan, USA
8%
4851 JungleBots Detroit, Michigan 48214, USA
8%
7808 Kalkaska Dragoneers Kalkaska, Michigan 49646, USA
8%
6099 Knight Riders Detroit, Michigan 48205, USA
8%
6113 M.A.R.C. 1 Menominee, Michigan 49858, USA
8%
6877 Mechanical Mustangs Grand Rapids, Michigan 49525, USA
8%
6616 Mechanical Pumas Detroit, Michigan 48209, USA
8%
8385 Metal Madness Mount Morris, Michigan 48458, USA
8%
6128 M.O.T.O.R (More Than Our Robot) Hart, Michigan 49420, USA
8%
5642 Mumford Mechanical Mustangs Detroit, Michigan 48221, USA
8%
5531 Orange Crush Dearborn, Michigan 48124, USA
8%
9751 PantherBots Hamtramck, Michigan, USA
8%
9239 Panthers robotics Kalamazoo, Michigan, USA
8%
5478 Pershing Doughbots Detroit, Michigan 48234, USA
8%
6029 Railbots Lincoln Park, Michigan 48146, USA
8%
4855 Ramageddon South Haven, Michigan 49090, USA
8%
6914 Retro5ive Allen Park, Michigan 48122, USA
8%
7147 Rising Falcons Ann Arbor, Michigan 48104, USA
8%
8364 Rising Stars Academy - Nebulas Center Line, Michigan 48015, USA
8%
5263 Robo-Bucs Riverview, Michigan 48193, USA
8%
5110 Roboherd Elk Rapids, Michigan 49629, USA
8%
5248 Robo-Saxons Hastings, Michigan 49058, USA
8%
4956 RoboSharks Whitehall, Michigan 49461, USA
8%
5467 RoboTractors Dearborn, Michigan 48126, USA
8%
7054 SC Sailors Byron Center, Michigan 49548, USA
8%
4961 Shock and Awe-sum Almont, Michigan 48003, USA
8%
8522 Springport High School Springport, Michigan, USA
8%
6101 Strange Quarks Ann Arbor, Michigan 48105, USA
8%
5706 Tahquamenon Phenomenon Newberry, Michigan 49868, USA
8%
9736 Tawas Braves Tawas City, Michigan, USA
8%
9753 Team Success Lansing, Michigan, USA
8%
6071 The Aluminators Bay City, Michigan 48708, USA
8%
5162 The Big Red Theory Big Rapids, Michigan 49307, USA
8%
6567 The Broken Drill Bits Saint Clair Shores, Michigan 48082, USA
8%
8373 The Flying Octopi Blissfield, Michigan 49228, USA
8%
5214 The Mighty CavBots Rochester, Michigan 48080-2183, USA
8%
5532 The Panther Bots Detroit, Michigan 48202, USA
8%
5231 The Radical Jays Shepherd, Michigan 48883, USA
8%
6067 The Underdogs Saint Charles, Michigan 48655, USA
8%
9528 The Wolf Pack Clinton Township, Michigan, USA
8%
9618 Tronarchs Allen Park, Michigan, USA
8%
9215 T-Town Tech Tekonsha, Michigan, USA
8%
5610 Turbulence Saugatuck, Michigan 49453, USA
8%
6096 UPSM Cobrots Detroit, Michigan 48207, USA
8%
5704 Weird & Wired Lansing, Michigan 48906, USA
8%
8297 WIHI Robo Wolves Ypsilanti, Michigan 48198, USA
8%
6077 Wiking Kujon Posen, Michigan 49776, USA
8%
9252 Wingspan Pontiac, Michigan, USA
8%
7782 Wolverine Circuit Breakers Rock, Michigan 49880, USA
8%
10613 AEA Alterbots West Branch, Michigan, USA
4%
10614 AEA Robolution Tawas City, Michigan, USA
4%
5525 Alcona Tool Cats Harrisville, Michigan 48742, USA
4%
9204 Aluminum Armada Pinckney, Michigan, USA
4%
6558 Aluminum Sting Lanse, Michigan 49946, USA
4%
9594 Ashley Bears Ashley, Michigan, USA
4%
9227 Backwoods Bots Gladwin, Michigan, USA
4%
10421 Baldwin Coded Dragons Baldwin, Michigan, USA
4%
5697 Bearcats Bridgeport, Michigan 48722, USA
4%
10633 BeeBotics Bridgman, Michigan, USA
4%
10595 Big Bay de Noc Black Bear Bolts Cooks, Michigan, USA
4%
9697 Bionic Bucs Mount Morris, Michigan, USA
4%
7289 Blue Eagles Fowler, Michigan 48835, USA
4%
5501 Bobcats Burr Oak, Michigan 49030, USA
4%
8612 Calvin Christian Robotics Grandville, Michigan, USA
4%
5560 Central Lake Trobotics Central Lake, Michigan 49622, USA
4%
5182 Chieftainators Dowagiac, Michigan 49047, USA
4%
8362 Circuit Breakers Detroit, Michigan 48228, USA
4%
9648 Circuit Breakers Caro, Michigan, USA
4%
9672 Colon Magi Robotics Colon, Michigan, USA
4%
10590 Compass Team Ypsilanti, Michigan, USA
4%
8126 Control Freaks Vicksburg, Michigan 49097, USA
4%
10612 Cougear Auburn Hills, Michigan, USA
4%
8899 CyberEagles Harper Woods, Michigan, USA
4%
6190 Cybernetic Crusaders Canton, Michigan 48187, USA
4%
8611 Cyber Patriots Cadillac, Michigan, USA
4%
10607 DAAS Jaguars Detroit, Michigan, USA
4%
9455 DinoMights Livingston County, Michigan, USA
4%
5227 Eagle Elite Schoolcraft, Michigan 49087, USA
4%
9651 Ecorse Robo Raiders Ecorse, Michigan, USA
4%
9251 EliteBots Flint, Michigan, USA
4%
9210 Fighting Falcons Jackson, Michigan, USA
4%
9771 FPro Frankfort, Michigan, USA
4%
9776 Gator Gears Swartz Creek, Michigan, USA
4%
5559 Gear Grinders Camden, Michigan 49232, USA
4%
5235 Gears of Fortune Chesaning, Michigan 48616, USA
4%
10667 Genesee Wolves Genesee, Michigan, USA
4%
9733 Gold Diggers Iron Mountain, Michigan, USA
4%
10666 Green MachineZ Berrien Springs, Michigan, USA
4%
4983 IronBots Mancelona, Michigan 49659, USA
4%
8519 Iron Eagles Erie, Michigan, USA
4%
10659 Jaguar Byte Flint, Michigan, USA
4%
9238 Jaybots Lansing, Michigan, USA
4%
7716 JLW Formula 01 Detroit, Michigan 48235, USA
4%
4835 Junkyard Dawgs Manistique, Michigan 49854, USA
4%
7254 Knowmads East Lansing, Michigan 48876, USA
4%
9757 Mecha Marauders Marlette, Michigan, USA
4%
7225 Mechatronic Mustangs Milford, Michigan 48380, USA
4%
5056 MegaHurtz Robotics Buchanan, Michigan 49107, USA
4%
4827 Minerbotics Negaunee, Michigan 49866, USA
4%
9650 Mio Thunderbotz Mio, Michigan, USA
4%
6100 MS Mobots Morley, Michigan 49336, USA
4%
9548 NASA Bark River Bronconaughts Bark River, Michigan, USA
4%
5197 Northwestern Detroit, Michigan 48208, USA
4%
6591 Panther Powered Robotics 6591 Stockbridge, Michigan 49285, USA
4%
10181 ProtoWarriors Fife Lake, Michigan, USA
4%
9703 Q_Bots Quincy, Michigan, USA
4%
9203 Quake Lansing, Michigan, USA
4%
8774 REST Robotics Roseville, Michigan, USA
4%
4758 RoboBlazers Detroit, Michigan 48206, USA
4%
7145 Robocanes Detroit, Michigan 48208, USA
4%
9183 RoboComets Jonesville, Michigan, USA
4%
9756 Robo Panthers Hesperia, Michigan, USA
4%
4325 RoboRangers Cassopolis, Michigan 49031, USA
4%
4568 Robot Commander North Adams, Michigan 49262, USA
4%
5623 Robotic Rams Augusta, Michigan 49053, USA
4%
5486 Robotic Turmoil Lake Linden, Michigan 49945, USA
4%
5702 Robotowatomi Wilson, Michigan 49896, USA
4%
6610 Robot Roll Call Burton, Michigan 48529, USA
4%
10285 Sacred Heart Blue and Gold Outlanders Bloomfield Hills, Michigan, USA
4%
7911 Scrap Cat Robotics Belding, Michigan 48809, USA
4%
7597 Team HorsePowered Fraser, Michigan 48026, USA
4%
6532 TechnoPaths Detroit, Michigan 48201, USA
4%
5470 The Cowpunchers Coopersville, Michigan 49404, USA
4%
5517 The Engineers on Fire Flint, Michigan 48519, USA
4%
5674 The Gearhounds Eaton Rapids, Michigan 48827, USA
4%
5878 The Great Lakers Mackinac Island, Michigan 49757, USA
4%
5504 The Loose Connections Pinconning , Michigan 48650, USA
4%
5547 The Talons Hale, Michigan 48739, USA
4%
6057 Thunderbots Dearborn, Michigan 48124, USA
4%
9638 Tigers, Bro! Gobles, Michigan, USA
4%
7195 Twin River Robotics Portland, Michigan 48875, USA
4%
7856 UPAD Fusion Detroit, Michigan 48202, USA
4%
9754 Vestabots Vestaburg, Michigan, USA
4%
10668 WAY Flint Flint, Michigan, USA
4%
4375 Westend Gearbusters Ishpeming, Michigan 49849, USA
4%
10705 Will Carleton Academy Hillsdale, Michigan, USA
4%
7818 Williamston High School Vespidae Williamston, Michigan 48895, USA
4%
4988 Yooper Troopers Cedarville, Michigan 49719, USA
4%
9731 All Saints Range Precision Bay City, Michigan, USA
0%
10664 Big Reds Muskegon, Michigan, USA
0%
6963 Blood Sweat and Gears Remus, Michigan 49340, USA
0%
7855 Chronic Robophobia Mesick, Michigan 49668, USA
0%
10642 Comstock Colts Kalamazoo, Michigan, USA
0%
6588 Counter-Torque Robotics Lawton, Michigan 49065, USA
0%
9685 Crystal Oscillators Bay City, Michigan, USA
0%
7203 Cyber Bearcats Battle Creek, Michigan 49017, USA
0%
6087 Cybertronic Lancers Ellsworth, Michigan 49729, USA
0%
7794 Eagle Engineers Marion, Michigan 49665, USA
0%
9735 Electric Dragons Romulus, Michigan, USA
0%
9759 Forge of Falcon West Branch, Michigan, USA
0%
7191 Gator Nation Innovators Melvindale, Michigan 48122, USA
0%
10651 Gear Cats Delton, Michigan, USA
0%
10622 Gwinn ModelBots Gwinn, Michigan, USA
0%
7865 HODAbotics Detroit, Michigan 48210, USA
0%
7256 Irish Robotics Kalamazoo, Michigan 49008, USA
0%
7658 MagiTech Kalamazoo, Michigan 49009, USA
0%
6094 Manic Mechanics Montague, Michigan 49437, USA
0%
9541 M-stee (squared) Manistee, Michigan, USA
0%
7713 Norse Code Felch, Michigan 49831, USA
0%
9682 Norway Robotics Norway, Michigan, USA
0%
6561 Omecha Wolf Pack Scottville, Michigan 49454, USA
0%
9248 Orchard View Cyber Cardinals Muskegon, Michigan, USA
0%
9188 Pantherbots2 Ewen, Michigan, USA
0%
9758 Pantron-X Watervliet, Michigan, USA
0%
5756 REC'in Crew Detroit, Michigan 48216, USA
0%
9721 Redhawk Robotics Cedar Springs, Michigan, USA
0%
5619 RoboJags Detroit, Michigan 48235, USA
0%
9671 Robosnacks Grand Rapids, Michigan, USA
0%
7814 RV Gearheads Three Oaks, Michigan 49128, USA
0%
6428 STEMINEERS Coopersville, Michigan 49404, USA
0%
7248 Tactical Hams Wyoming, Michigan 49519, USA
0%
10577 TARMINATORS Detroit, Michigan, USA
0%
9205 Technical Marauders1 Inkster, Michigan, USA
0%
10605 Techno Talons Engadine, Michigan, USA
0%
9549 The Mechadogs Covert, Michigan, USA
0%
7155 The Robotic Rangers Manton, Michigan 49663, USA
0%
10654 Tiger Bytes Shelby, Michigan, USA
0%
9674 Trojan Power Robotics Crystal Falls, Michigan, USA
0%
10665 Unibots Ferndale, Michigan, USA
0%
10547 United Phoenix Saginaw, Michigan, USA
0%
7809 Valhalla Nation Bangor, Michigan 49013, USA
0%
9742 Walkerville Wildcats Walkerville, Michigan, USA
0%
10587 Windover Wing Nuts MIDLAND, Michigan, USA
0%
9225 Wired Wildcats Evart, Michigan, USA
0%
No matching quizzes found
Score Distribution
Percent of People with Each Score
Percentile by Number Answered
Your Score History
You have not taken this quiz